|
|
|
|
| LEADER |
00000nam a2200000 a 4500 |
| 001 |
vtls001344899 |
| 003 |
SK-MaSNL |
| 005 |
20260416165153.0 |
| 008 |
210928s1990 xr 0 cze |
| 020 |
|
|
|a 8004257836
|
| 035 |
|
|
|a SNK000298107
|
| 040 |
|
|
|a SNK
|b slo
|c SNK
|e AACR2
|
| 041 |
0 |
|
|a cze
|
| 044 |
|
|
|a CZ
|
| 080 |
|
|
|a 371.214.112:373.54
|2 1981
|
| 245 |
1 |
|
|a Hudební výchova pro gymnázia - 1. roč.
|
| 260 |
|
|
|a Praha
|b Státní pedagogické nakladatelství
|c 1990
|
| 300 |
|
|
|a 14 s.
|c 8°
|
| 500 |
|
|
|a Vyd. Min. školství, mládeže a tělovýchovy ČR
|
| 650 |
0 |
7 |
|a výchova hudobná
|x gymnáziá
|x osnovy učebné
|2 SNK
|9 580243
|
| 650 |
0 |
7 |
|a učebné osnovy
|2 SNK
|9 4071
|
| 919 |
|
|
|a 80-04-25783-6
|
| 958 |
|
|
|a RK
|
| 958 |
|
|
|a OND
|
| 999 |
|
|
|c 891712
|d 893642
|
| 952 |
|
|
|t P60, <04>, [BOOK], {604}
|a SNK
|b SNK
|y VYP
|7 0
|o snkIC 115738
|i snkKIP 8799/90
|0 0
|1 0
|4 0
|d 1998-10-12
|l 0
|r 2005-01-02 00:00:00
|w 2026-02-24
|
| 952 |
|
|
|t P60, <04>, [BOOK], {604}
|a SNK
|b SNK
|y VYP
|7 0
|o snkIC 115738 D1
|i snkKIP 8800/90
|0 0
|1 0
|4 0
|d 1998-10-12
|l 0
|r 2005-01-02 00:00:00
|w 2026-02-24
|